| 000 | 01342 a2200229 4500 | ||
|---|---|---|---|
| 001 | 52892 | ||
| 005 | 20260407155803.0 | ||
| 008 | 260407a2003 arg spa d | ||
| 003 | AR-UNSa-BCEJYS | ||
| 040 |
_aAR-UNSa-BCEJYS _bspa _cAR-UNSa-BCEJYS |
||
| 080 |
_a330(82) _xEconomia Argentina |
||
| 245 | 1 | 0 |
_aLa economía de los argentinos _preglas de juego para una sociedad próspera y justa |
| 020 | _a950-49-1067-X | ||
| 264 | 1 |
_aBuenos Aires : _bPlaneta _c2003 |
|
| 300 |
_a284 p. _c23 cm. |
||
| 505 | _a1. La tragedia argentina - 2. Wall Street 1 - Argentina 0 - 3. Máquinas, educación y tecnología - 4. Borges nos explica por qué integrarnos al mundo - 5. La desaparición de la clase media - 6. El carnaval del Mercosur - 7. Por qué los macroeconomistas nunca se ponen de acuerdo - 8. Los desafíos de un mundo globalizado - 9. El romance de los economistas con el mercado - 10. Maldito monopolio - 11. Por qué tenemos que pagar impuestos - 12. Medir lo invisible - 13. Crimen y corrupción - 14. Privatizaciones: ¿Bendición o condena? - 15. La política económica para una Argentina en democracia | ||
| 041 | _aspa | ||
| 942 | _cBK | ||
| 590 | _aniveau_biblio:m niveau_hierar:0 | ||
| 100 | 1 | _aSturzenegger, Federico | |
| 856 | 4 | 1 |
_uhttps://www.biblioeco.unsa.edu.ar/pmb/images/libros/L128294.jpg _yImagen de portada _qimage/jpeg |
| 999 |
_c5014 _d5014 |
||